| 000 | 00549nam a22002057a 4500 | ||
|---|---|---|---|
| 003 | OSt | ||
| 005 | 20140310183057.0 | ||
| 008 | 130301t xxu||||| |||| 00| 0 eng d | ||
| 020 | _a9712324109 | ||
| 050 |
_aHD50.5 _bAn56 1998 |
||
| 082 |
_aFIL170 _bAn2 1998 |
||
| 245 |
_aPeople empowerment by Filipino values _cAndres, Tomas Quintin D. |
||
| 260 |
_aManila : _bRex Book Store, _c1998 |
||
| 300 |
_aix, 173 p. : _bill.; _c22cm. |
||
| 521 | _aCollege | ||
| 526 | _c1210L-1700L | ||
| 541 | _j1 | ||
| 562 | _e1 | ||
| 942 |
_2lcc _cBK _kFIL |
||
| 999 |
_c18695 _d18695 |
||